|
|
|
|
| LEADER |
00919nam a22002297a 4500 |
| 001 |
147 |
| 003 |
BD-DhAAL |
| 005 |
20141202103342.0 |
| 008 |
141202s1976 bg a|||| |||| 00| 0 ben d |
| 040 |
|
|
|a BD-DhAAL
|c BD-DhAAL
|
| 041 |
|
|
|a BEN
|
| 082 |
|
|
|2 22
|a 311
|
| 100 |
|
|
|a নকী, সৈয়দ আলী
|9 6375
|
| 245 |
|
|
|a সমাজবিজ্ঞানে পরিসংখ্যান পদ্ধতি /
|c সৈয়দ আলী নকী
|
| 260 |
|
|
|a ঢাকা :
|b বাংলা একাডেমী,
|c ১৯৭৬
|
| 300 |
|
|
|a [দশ], ৩৭৮ পৃ. :
|b চিত্র ;
|c ২২ সে. মি.
|
| 541 |
|
|
|e 147
|
| 650 |
|
|
|a Statistics
|9 6376
|
| 852 |
|
|
|a Ayesha Abed Library
|b General Stacks
|
| 942 |
|
|
|2 ddc
|c BK
|
| 999 |
|
|
|c 33171
|d 33171
|
| 952 |
|
|
|0 0
|1 0
|2 ddc
|4 0
|6 311_000000000000000_NOK
|7 0
|9 44277
|a BRACUL
|b BRACUL
|c GEN
|d 2014-12-02
|g 30.00
|l 0
|o 311 NOK
|p 3010000147
|r 2014-12-02
|t 1
|w 2014-12-02
|y BK
|